| 000 | 00748nam a22002297a 4500 | ||
|---|---|---|---|
| 999 |
_c1020 _d1020 |
||
| 003 | AR-CdUCM | ||
| 008 | 190226b ||||| |||| 00| 0 spa d | ||
| 020 | _aISBN | ||
| 040 |
_aMUNICIPALIDAD PROVINCIAL DEL CUSCO _cBIBLIOTECA MUNICIPAL DEL CUSCO |
||
| 082 |
_a973.09 / _bA47 |
||
| 100 |
_aLewis Allen, Frederick _93968 |
||
| 245 | _aApenas Ayer / | ||
| 260 |
_aArgentina : _bEditorial Universitaria de Buenos Aires, _c1964. |
||
| 300 |
_a443 paginas ; _c18 cm. |
||
| 440 |
_aLectores de Eudeba. _n59 _93969 |
||
| 505 | _aVuelta a la moralidad -- Los aƱos de sensacionalismo -- El derrumbe ... | ||
| 650 |
_aEspantajo. _93970 |
||
| 650 |
_aIntelectuales. _93971 |
||
| 650 |
_aAlcista. _93972 |
||
| 942 |
_2ddc _cLIBROS |
||
| 945 |
_aacrt _d2019-02-26 |
||